| 000 | 00486 a2200193 4500 | ||
|---|---|---|---|
| 005 | 20240715130049.0 | ||
| 008 | 240712b |||||||| |||| 00| 0 eng d | ||
| 020 |
_a9781914187681 _cRs. 115.00 |
||
| 040 | _aMAIN | ||
| 082 |
_a613.7046 _bF336Y |
||
| 100 | _aFelman, Adam | ||
| 245 | _aYoga and ayurveda | ||
| 260 |
_bRandom Publishing _c2023 _aMiddlesex |
||
| 300 | _aviii, 252 | ||
| 650 | _aAyurveda | ||
| 650 | _aYoga Philosophy | ||
| 650 | _aAyurvedic Medicine | ||
| 942 | _cBK | ||
| 999 |
_c310512 _d310512 |
||